| 000 | 00371nam a2200145Ia 4500 | ||
|---|---|---|---|
| 008 | 230917s9999||||xx |||||||||||||| ||und|| | ||
| 040 |
_e176241 _aMAIN |
||
| 041 | _aEnglish | ||
| 082 | _a954.01 A64P | ||
| 100 | _aAgnihotri, Prabhu Dayal | ||
| 245 | 0 | _aPantajalikaaleen Bharat | |
| 260 |
_aPatna _bBihar Rashtrabhasha Parishad _c1963 |
||
| 300 | _a639 p. | ||
| 942 | _cHN | ||
| 999 |
_c223391 _d223391 |
||